Načítá se...
The B-Book:Assigning Programs to Meanings/
| Hlavní autor: | |
|---|---|
| Médium: | Printed Book |
| Vydáno: |
New York:
Cambridge;
1996.
|
| LEADER | 00398nam a22001217a 4500 | ||
|---|---|---|---|
| 082 | |a 004.21 | ||
| 100 | |a Abrial,J R. | ||
| 245 | |a The B-Book:Assigning Programs to Meanings/ | ||
| 260 | |a New York: |b Cambridge; |c 1996. | ||
| 300 | |a 779p. | ||
| 942 | |c REF | ||
| 999 | |c 262891 |d 262891 | ||
| 952 | |0 0 |1 0 |4 0 |6 004_210000000000000_ABR_B |7 0 |9 297491 |a CCS |b CCS |c REF |d 2013-06-17 |l 0 |o 004.21 ABR/B |p CCS1008 |r 2016-08-30 |w 2016-08-30 |y REF | ||